000 00226 a2200097 4500
001 13423
100 _aPannikar, K.M
245 _aAsia western domination
260 _aLondon
_bGeorge allen university
_c
090 _c10436
_d10436
942 _aNUST-CAE
_cM
_c488
999 _c248496
_d248496